000 00273nam a22000977a 4500
008 151104b xxu||||| |||| 00| 0 eng d
082 _a323.32 SHI
100 _aSHIVJI, ISSA
245 _aCLASS STRUGGLES IN TANZANIA
260 _aDAR ES SALAAM:
_bTANZANIA PUBLISHING HOUSE,
_c1975.
999 _c3913
_d3913